| 000 | 01254nam a22002057a 4500 | ||
|---|---|---|---|
| 008 | 240205s2016 xxk|||||o|||| 00| 0 eng d | ||
| 041 | _aeng | ||
| 110 | _aRoyal Institution of Chartered Surveyors | ||
| 245 |
_aRegional Responses to a Changing Context: Housing Associations and Market Renting in the North East and North West of England _h[Electronic resource] |
||
| 260 |
_aLondon, _bRICS Resesarch Trust, _cMarch 2016 |
||
| 300 | _a36p. | ||
| 490 | _aRICS Research | ||
| 520 | _athe research aimed to examine the extent and nature of market renting provision amongst housing associations, but also – crucially - to explore the strategic decision making processes shaping such activity. While much of the discussion of market renting amongst housing associations so far has been located in London and the South East, this research was conducted in the North East and North West regions of England. | ||
| 650 | _aSOCIAL HOUSING | ||
| 651 | _aEngland | ||
| 690 |
_96215 _aAffordable housing |
||
| 710 | _aRoyal Institution of Chartered Surveyors | ||
| 856 |
_uhttps://www.propertyresearchtrust.org/uploads/1/3/4/8/134819607/housing_associations_and_market_renting.pdf _zAvailable free via Property Research Trust |
||
| 942 | _n0 | ||
| 999 |
_c121793 _d121793 |
||